Actinides - Statistics

General Stats
  • This quiz has been taken 66 times
  • The average score is 12 of 15
Answer Stats
# Answer % Correct
94 Plutonium
96%
92 Uranium
96%
93 Neptunium
91%
89 Actinium
87%
96 Curium
87%
99 Einsteinium
87%
95 Americium
83%
90 Thorium
83%
98 Californium
78%
97 Berkelium
74%
103 Lawrencium
74%
101 Mendelevium
70%
100 Fermium
65%
91 Protactinium
65%
102 Nobelium
57%
No matching quizzes found
Score Distribution
Percent of People with Each Score
Percentile by Number Answered
Your Score History
You have not taken this quiz